000 00674nam a22001937a 4500
003 0
005 20250115150733.0
008 160112b xxu||||| |||| 00| 0 eng d
050 _aPHS ML 3916
_b.H827 2015
100 _aHosokawa, Arisa M.
245 _aMusic genre and social behavior of grade 11 students
_cArisa M. Hosokawa
260 _aLas PiƱas, Philippines :
_bSouthville International School and Colleges,
_c2015.
300 _aiii, 28 p. :
_bill. ;
_c28 cm.
504 _aIncludes bibliographical references.
650 _aMusic
_vSocial aspects.
650 _aMusic preferences
_vPsychological aspects.
650 _aMusic and youth culture.
942 _2lcc
_cPASS
999 _c289056
_d289056